[Event "Charity Cup MCCT Prel 2022"]
[Site "Online"]
[Date "2022.03.15"]
[Round "13.1"]
[White "Praggnanandhaa R"]
[Black "Niemann, Hans Moke"]
[Result "1/2-1/2"]
[WhiteElo "2612"]
[BlackElo "2642"]
[Annotator "TA"]
[PlyCount "130"]
[EventDate "2022.03.18"]
[EventType "tourn"]
[EventCountry "NET"]
[SourceTitle "playchess.com"]
[Source "ChessBase"]
[SourceQuality "1"]

{[%evp 14,130,28,34,41,32,25,9,11,10,10,10,9,8,12,6,25,35,20,16,63,75,70,72,81,82,90,92,89,86,85,91,89,89,90,91,102,93,112,101,123,101,124,93,130,135,135,136,125,127,122,121,130,93,95,93,97,7,8,8,9,10,15,7,80,80,80,80,80,80,84,95,154,16,16,16,16,16,16,16,16,16,16,0,0,0,0,0,0,0,0,0,0,0,15,0,0,0,0,0,0,0,0,0,0,0,0,0,0,0,0,0,29961,0,0,8,8,196,250]} 1. e4 e5 2. Nf3 Nc6 3. Bc4 Nf6 4. Ng5 d5 5. exd5 Na5 6. Bb5+ c6 7. dxc6 bxc6 8. Bd3 $1 {[%mdl 4] now scores much better than the old 8.Be2.} Nd5 {C58: Two Knights: 4 Ng5 d5 5 exd5 Na5 sidelines.} 9. Nf3 ({Worse is} 9. Qh5 g6 10. Nxf7 gxh5 $17) 9... Bd6 10. Nc3 Nf4 {The position is equal.} 11. O-O Nxd3 12. cxd3 O-O 13. Re1 Re8 14. Ne4 Bf8 15. b4 {Inhibits c5.} Nb7 16. Bb2 Bg4 (16... Qxd3 $11 {should be considered.} 17. Nxe5 Qd5) 17. h3 $1 $14 Bxf3 18. Qxf3 {[#]} Bxb4 $146 ({Predecessor:} 18... Qd5 19. Bc3 Rad8 20. Re3 f6 21. Rae1 Re7 22. Qg3 Rf7 23. f4 exf4 24. Qxf4 Nd6 {1-0 (65) Kravtsiv,M (2589)-Priyadharshan,K (2462) Mumbai 2015}) 19. Qg3 Nc5 20. Nxc5 ({Much worse is} 20. Bxe5 $6 Rxe5 21. Qxe5 Nxd3 $11) 20... Bxc5 21. Rxe5 Bf8 22. Rxe8 Qxe8 23. Qf3 {White is more active.} Rd8 24. Bc3 Qd7 25. Rb1 h6 26. a4 Bc5 27. Re1 Kf8 28. Qe4 {[%cal Oc3g7] Threatens to win with Bxg7+!} Kg8 {[#]} 29. Bxg7 $1 {[%mdl 512] And now Bf6 would win.} Bxf2+ 30. Kxf2 {Hoping for Bf6.} Kxg7 $16 {[%mdl 4096] Endgame KQR-KQR} 31. Re3 Qd5 32. Rg3+ Kf8 33. Qh7 {Black must now prevent Re3.} Qd4+ {[#]} 34. Re3 $1 ({But not} 34. Ke2 $6 Re8+ 35. Re3 Rxe3+ 36. dxe3 Qb2+ 37. Kf1 Qc1+ 38. Kf2 Qb2+ 39. Kg3 Qe5+ 40. Kf3 Qf6+ 41. Ke4 Qe7+ 42. Kf4 Qg5+ 43. Kf3 Qf6+ 44. Kg4 Qg5+ 45. Kf3 Qf6+ $11) 34... Rd6 35. Qe4 (35. Ke2 $16) 35... Qxe4 $11 36. Rxe4 Rxd3 {KR-KR} 37. Ke2 Rg3 38. Kf1 Rd3 (38... Ra3 $11) 39. Rc4 $16 Rxd2 40. Rxc6 Kg7 {[#]} 41. Rc7 $1 {Prevents Rd7.} h5 42. Rxa7 Ra2 43. h4 (43. a5 $16) 43... Kg6 $11 44. Ra5 f6 45. Kg1 Kh6 46. Kh2 Ra3 47. Ra8 Kg7 48. a5 Kh7 49. a6 Kg7 50. Kg1 Ra2 51. Kf1 Kh7 52. a7 Kg7 53. Ke1 (53. g3 $5 {[%cal Rf1e1]} Ra6 54. Ke2 $18) 53... Kh7 54. Kd1 Kg7 55. Kc1 (55. g3 $5 {[%cal Rd1c1]}) 55... Ra6 56. Kb2 Ra5 57. Kb3 Ra1 58. Kb4 Rb1+ 59. Kc5 Rc1+ 60. Kd6 {Intending Re8 and mate.} Rd1+ 61. Ke6 {[%cal Oa8g8]} Re1+ 62. Kf5 Re5+ 63. Kf4 {White threatens Rd8 and mate.} Ra5 64. Ke4 Ra1 65. Kd5 $2 (65. g3 $11) 65... Rd1+ {Weighted Error Value: White=0.10 (very precise) /Black=0.14 (very precise)} (65... Ra4 {might work better.} 66. Kc5 Ra1) 1/2-1/2

[Event "Charity Cup MCCT Prel 2022"]
[Site "Online"]
[Date "2022.03.15"]
[Round "13.2"]
[White "Van Foreest, Jorden"]
[Black "Lei, Tingjie"]
[Result "1-0"]
[WhiteElo "2702"]
[BlackElo "2535"]
[Annotator "TA"]
[PlyCount "149"]
[EventDate "2022.03.18"]
[EventType "tourn"]
[EventCountry "NET"]
[SourceTitle "playchess.com"]
[Source "ChessBase"]
[SourceQuality "1"]

{[%evp 9,149,27,41,0,-7,0,4,14,11,12,0,27,26,26,29,35,50,45,64,27,28,33,26,35,52,40,54,47,91,83,77,59,71,71,50,52,54,60,67,66,102,55,68,62,72,64,58,48,61,65,104,95,102,59,77,6,15,14,12,0,83,92,89,86,108,94,108,90,150,142,145,148,175,181,173,192,162,159,158,131,321,302,278,151,237,253,277,261,347,270,252,257,304,321,330,316,333,320,303,300,361,366,363,362,356,314,414,409,534,520,29997,390,371,353,342,283,310,272,498,494,491,473,423,152,156,81,119,117,328,334,316,275,1020,1123,903,748,808,738,1641,1612,1296,1169]} 1. e4 e5 2. Nf3 Nc6 3. Bb5 a6 4. Ba4 Nf6 5. O-O Bc5 6. d4 {C78: Ruy Lopez: Archangelsk and Möller Defences.} (6. c3 $14 {is superior.}) 6... Nxd4 $11 7. Nxe5 O-O (7... Nxe4 8. Re1 $16 (8. Qg4 Nxf2 9. Rxf2 Ne6 $14)) 8. Nd3 {The position is equal.} Ba7 9. e5 {[#]} Nd5 $146 ({Predecessor:} 9... Ne4 10. Be3 d6 11. c3 Ne6 12. Bxa7 Rxa7 13. Re1 N4c5 14. Nxc5 Nxc5 15. Qd4 Bf5 {½-½ (33) Navara,D (2731)-Onischuk,A (2701) Reggio Emilia 2010}) 10. c3 Ne6 11. Bb3 Ne7 12. Nd2 d5 13. exd6 $1 cxd6 14. Nf3 (14. Qh5 {keeps more tension.} d5 15. Re1 Bb6 16. Nf3 f6 17. Be3) 14... Ng6 15. Re1 Bd7 16. Be3 Bxe3 17. Rxe3 Qc7 18. Nb4 Rad8 (18... Nef4 $14) 19. Qd2 Ngf4 20. g3 a5 $1 21. Nd5 (21. gxf4 {with more complications.} axb4 22. f5 Nf4 23. Nd4 d5 24. cxb4 Nh5 25. Rd1) 21... Nxd5 22. Bxd5 Rfe8 23. Rae1 b5 24. h4 Qc8 25. Re4 (25. Nd4 $16) 25... h6 $14 26. R4e3 {White is much more active.} Bc6 27. Bxc6 Qxc6 28. Qe2 Kf8 29. a3 Nc7 30. Nd4 Qd5 31. Qg4 (31. Qd3 $16) 31... Re5 32. Rxe5 (32. Kh2 $16) 32... dxe5 $11 33. Nf5 Ne6 34. Qe2 e4 (34... f6 $11 {remains equal.}) 35. Qxe4 $16 Qxe4 36. Rxe4 {[%mdl 4096] Endgame KRN-KRN} Rd5 {To avoid Re5} 37. Nd4 Nc5 38. Re2 Na4 {[#]} (38... Nd3 $142) 39. Nc6 $1 Rd1+ 40. Kg2 Rb1 41. b4 ({Resist} 41. Nxa5 $6 Nxb2 42. h5 Na4 $16) 41... axb4 (41... Nxc3 $2 42. Rd2 Rd1 43. Rxd1 Nxd1 44. bxa5 $18) 42. cxb4 Ra1 43. Re3 Nb2 44. Ne5 g6 $2 (44... Rd1 $16 {is a better defense.} 45. Re2 Na4) 45. Rf3 $18 {[%csl LRf7,LRg6]} Nc4 46. Nxf7 ({Don't do} 46. Rxf7+ Kg8 $18) ({Better is} 46. Nxc4 $18 bxc4 47. Rc3) 46... Kg7 (46... Rxa3 $16 47. Nxh6+ Kg7) 47. Nd8 Rxa3 48. Ne6+ Kh7 49. Rf7+ Kh8 50. Rb7 Nd6 51. Rb6 Ne4 52. Nf4 ({Don't play} 52. Rxb5 Ra2 53. Rb8+ Kh7) 52... Ra2 53. Nxg6+ Kg7 54. Kf3 Nd2+ {[#]} 55. Kg4 $1 Nc4 56. Re6 Rxf2 57. Nf4 Rb2 58. Rg6+ Kh7 59. Kh5 {Hoping for Nd5.} Rxb4 (59... Rf2 $18 60. Rxh6+ Kg8 61. Rg6+ Kf7) 60. Rxh6+ $2 (60. Nd5 {mates} Ra4 61. Nf6+ Kh8 62. Rg8#) 60... Kg7 61. Rc6 Ne5 {Threatens to win with ...Rxf4.} 62. Rc7+ Nf7 63. Rb7 Rb1 $2 (63... Rc4 64. Rxb5 Ra4 65. Ne6+ Kf6) 64. g4 {Black must now prevent g5.} Rf1 65. Ne6+ Kf6 66. Ng5 $2 (66. Rb6 $18) 66... Nd6 $16 67. Rb8 (67. Rd7 $142 Ke5 68. Re7+ Kd5 69. Re3) 67... Ke5 68. Nh7 {Strongly threatening g5.} Rh1 $2 (68... Rf7 $16 {was worth a try.} 69. Nf8 Rb7 70. Rxb7 Nxb7) 69. Nf8 Kd5 70. g5 {[%cal Bg4g5,Bg5g6][%mdl 32] aiming for g6.} Nf5 $2 (70... Kc6 71. Ng6 Kd5) 71. Rxb5+ $18 {White is clearly winning.} Ke4 72. Rb4+ Kf3 73. Ne6 {White wants to mate with Rf4+.} Kg3 74. Rg4+ Kh2 75. g6 {Weighted Error Value: White=0.24 (precise) /Black=0.37} 1-0

[Event "Charity Cup MCCT Prel 2022"]
[Site "Online"]
[Date "2022.03.15"]
[Round "13.3"]
[White "Anton Guijarro, David"]
[Black "Rapport, Richard"]
[Result "1-0"]
[WhiteElo "2691"]
[BlackElo "2762"]
[Annotator "TA"]
[PlyCount "89"]
[EventDate "2022.03.18"]
[EventType "tourn"]
[EventCountry "NET"]
[SourceTitle "playchess.com"]
[Source "ChessBase"]
[SourceQuality "1"]

{[%evp 9,89,17,23,13,34,33,34,29,26,36,38,0,0,0,50,39,39,44,47,39,54,0,0,0,0,0,0,0,0,0,0,0,13,16,22,20,43,0,0,0,0,0,224,224,229,216,240,231,222,230,226,244,236,231,295,276,276,258,546,542,966,654,3100,3645,3505,554,2496,2443,2269,2260,3118,2607,12841,12841,12842,12842,12842,12843,1964,0,12840,6666]} 1. e4 d6 2. d4 Nf6 {[%cal Bg8f6,Bf6d7,Bd7c5][%mdl 32]} 3. f3 e5 4. d5 Be7 5. Ne2 {[#]} O-O $146 ({Predecessor:} 5... c6 6. c4 Qb6 7. Qb3 Na6 8. Bd2 Nc5 9. Qxb6 axb6 10. Nc1 O-O 11. Nc3 Bd7 12. Be3 Rfc8 {½-½ (39) Kostic,V (2433)-Tseshkovsky,V (2576) Zlatibor 2006}) 6. c4 {B07: Pirc Defence: Miscellaneous Systems.} a5 7. Be3 Nfd7 8. Qd2 {White is slightly better.} Nc5 9. Nbc3 {[%cal Bb1c3,Bc3e4,Be4c5][%mdl 32]} Nba6 10. Nc1 f5 11. Nd3 fxe4 (11... Nxd3+ $11 12. Bxd3 Bh4+ 13. g3 f4) 12. Nxc5 $14 Nxc5 13. Bxc5 dxc5 14. Nxe4 Bh4+ 15. Kd1 (15. g3 $14) 15... Bf5 $11 16. Bd3 c6 17. Nxc5 Bg5 18. Qc2 (18. Nxb7 $2 Qe7 19. Qc3 Bxd3 20. Qxd3 Qxb7 $19) 18... Bxd3 19. Qxd3 {Threatens to win with Ne6.} Qb6 {[%csl LRb2,LRc5]} 20. Na4 Qb4 {[#]} 21. a3 $1 e4 $1 {[#]} 22. fxe4 $1 {The board is on fire.} Qe7 (22... Qxa4+ $2 23. b3 Bf6 24. Ra2 cxd5 25. bxa4 $18) 23. Kc2 (23. h4 $1 $14 Bxh4 24. Rc1 (24. e5 Qg5 $11)) 23... b5 24. cxb5 cxb5 25. Nc3 {Raf1 is the strong threat.} b4 $2 {[#] White leaves nothing to chance now.} (25... Rf2+ $1 $11 {and Black stays safe.} 26. Kb1 Rd8) 26. d6 $1 $18 Rf2+ (26... Qe6 27. axb4) 27. Kb1 Qf7 28. axb4 Rd2 29. Qb5 Qb3 {[%csl Gd2][%cal Rb3b2]} 30. Ra2 a4 {[%cal Oa4a3] [#] And now ...a3! would win.} (30... Bf6 $2 31. e5 $18) 31. Qc6 $1 (31. Qxg5 {gets mated.} Qc2+ 32. Ka1 a3) 31... Rf8 {[%cal Oa4a3] Hoping for ...a3!} 32. Qxa4 Qe6 33. b5 {[%cal Bb4b5,Bb5b6][%mdl 32]} ({But not} 33. h4 Bf4 34. d7 Rxd7 $18) 33... Rxg2 $2 (33... h6 34. b6 Qxd6 35. Qb3+ Kh7) 34. b6 {aiming for b7.} Qxd6 35. Qb5 Rxh2 36. Rxh2 {[%cal Ob6b7] Black must now prevent b7!} Qxh2 37. Ra5 (37. Qd5+ $142 Kh8 38. Ra8) 37... Bd8 38. Qb3+ Kh8 39. Ra8 {Strongly threatening b7. Active counter play!} Qd6 40. e5 Qxe5 41. b7 Qf5+ 42. Qc2 {Qxf5 would kill now.} Qf1+ 43. Qd1 Qf5+ 44. Qc2 (44. Ka2 $142 Be7 {[#]} 45. Ne4 $1 {[%mdl 512]} Qxe4 46. Rxf8+ Bxf8 47. b8=Q Qe6+ 48. Qdb3 Qa6+ 49. Qa3 Qe6+ 50. Qab3 Qa6+ 51. Qa3 Qe6+ 52. Qbb3) 44... Qf1+ 45. Nd1 {Weighted Error Value: White=0.40/Black=0.29 (precise)} 1-0

[Event "Charity Cup MCCT Prel 2022"]
[Site "Online"]
[Date "2022.03.15"]
[Round "13.4"]
[White "Jones, Gawain C B"]
[Black "Navara, David"]
[Result "0-1"]
[WhiteElo "2671"]
[BlackElo "2700"]
[Annotator "TA"]
[PlyCount "60"]
[EventDate "2022.03.18"]
[EventType "tourn"]
[EventCountry "NET"]
[SourceTitle "playchess.com"]
[Source "ChessBase"]
[SourceQuality "1"]

{[%evp 12,59,22,10,9,11,4,17,16,17,10,8,24,31,31,16,14,0,21,22,73,-40,0,0,8,47,42,-21,174,40,102,86,563,513,516,145,154,148,150,110,116,-339,-333,-1006,-1020,-29993,-29994,-29997,-29998,-29999]} 1. e4 c5 2. c3 d5 3. exd5 Qxd5 4. d4 Nf6 5. Nf3 e6 6. Na3 Nc6 7. Be3 {next Nb5 is good for White.} cxd4 {[#] B22: Sicilian: 2 c3.} 8. Nb5 $1 {Black must now prevent Nc7+.} Qd8 {Inhibits Nc7+.} 9. Nbxd4 Nd5 {The position is equal. The main line 9...Nd5 scores better than 9...Nxd4.} 10. Nxc6 bxc6 11. Bd2 Rb8 $5 {[%mdl 4] An interesting side line.} 12. c4 Nf6 13. Qc2 Qb6 14. O-O-O {[#]} Qxf2 $146 (14... Ne4 $5 {[%cal Re4f2]} 15. Be3 (15. Ba5 Qxa5 16. Qxe4 Ba3 $17) 15... Bc5 $11) ({Predecessor:} 14... Ne4 15. Be3 Bc5 16. Re1 Bxe3+ 17. Rxe3 Nc5 18. Bd3 f6 19. Rd1 e5 20. Nxe5 fxe5 21. Bxh7 {½-½ (62) Hausdorf,H (2335)-Goins,D (2110) ICCF email 2018}) 15. Ne5 Bb7 (15... Rb7 $11 {remains equal.}) 16. Nd3 (16. Qb3 $1 $16 Qb6 17. Qg3) 16... Qf5 17. Be2 {Hoping for Rhf1.} Be7 18. Rhf1 Qg6 19. Qb3 ({White should try} 19. Bf4 $14 Rd8 20. Bf3) 19... Ne4 $2 (19... Qxg2 $2 20. Bf3 Qh3 21. Bxc6+ $1 {[%mdl 512]} Kf8 22. Bxb7 $18) (19... Bd6 $1 $11) 20. Ne5 (20. Bf4 $18 Bg5 21. Qa3) 20... Nxd2 21. Rxd2 $16 Qxg2 {[%mdl 8192]} (21... Qe4 $16 {is tougher.} 22. Qg3 (22. Nxf7 O-O $16) 22... O-O) 22. Rxf7 $18 Bg5 23. Kc2 $2 ({Not} 23. Rxb7 Bxd2+ 24. Kc2 (24. Kxd2 Rd8+ 25. Nd3 O-O $17) 24... Rxb7 25. Qxb7 (25. Bh5+ $2 Kd8 $19) 25... O-O $1 26. Qxc6 Qxc6 27. Nxc6 Bh6 $17) (23. Qd3 $1 $18 {[%csl Gd2,Ge5,Gf7][%cal Rd3d7] and the rest is easy.} Rd8 24. Rd7) 23... Qe4+ $16 (23... Bxd2 $2 24. Bf3 Bf4+ 25. Bxg2 $18) 24. Qd3 c5 {[#]} 25. Bh5 $1 {Threatening mate with Rxb7+.} g6 26. Rxh7 $2 {[%mdl 8192]} O-O $19 {Chess con chili.} 27. Bxg6 $2 (27. Rxb7 Qxd3+ 28. Nxd3 Bxd2 29. Rxb8 Rxb8 30. Bg4) 27... Qxe5 28. Re2 {[#] Inhibits Be4.} Be4 $1 {[%mdl 512] Black mates.} 29. Qxe4 (29. Rb7 Rxb7) 29... Qxb2+ 30. Kd1 Qc1# {Weighted Error Value: White=0.91/Black=0.48} 0-1

[Event "Charity Cup MCCT Prel 2022"]
[Site "Online"]
[Date "2022.03.15"]
[Round "13.5"]
[White "Le, Quang Liem"]
[Black "Carlsen, Magnus"]
[Result "1/2-1/2"]
[WhiteElo "2709"]
[BlackElo "2865"]
[Annotator "TA"]
[PlyCount "177"]
[EventDate "2022.03.18"]
[EventType "tourn"]
[EventCountry "NET"]
[SourceTitle "playchess.com"]
[Source "ChessBase"]
[SourceQuality "1"]

{[%evp 16,177,27,10,33,14,16,16,7,9,22,10,32,0,0,0,-6,-64,-63,-67,-73,-107,-18,-43,-47,-27,-10,-16,-22,-14,0,0,0,0,0,-10,-10,-24,-10,-34,-33,-28,-20,-18,-12,-27,0,0,0,16,8,0,241,214,250,0,26,-43,-45,-141,-47,-142,-93,-94,-106,-105,-94,-89,-91,-83,-89,-74,-64,-62,-62,-63,-65,-151,-150,-150,-150,-143,-143,-133,-133,-159,-159,-173,-173,-173,-124,-155,-154,-138,-138,-156,-156,-156,-156,-155,-155,-159,-159,-159,-159,-159,-159,-173,-173,-173,0,-174,-173,-173,-173,-181,-173,-180,-135,-302,-193,-193,0,-266,-144,-193,-148,-193,-193,-193,-193,-193,-193,-193,-193,-193,-193,-192,-192,-190,-217,-453,-197,-197,-197,-537,-514,-5243,-5243,-5243,-5165,-4602,-20,-20,-20,-20,-20,-20,-16,-16,-12,-12,8,8]} 1. d4 Nf6 2. c4 g6 3. Nc3 Bg7 4. e4 d6 5. Nf3 O-O 6. h3 {[%cal Bh2h3,Bh3h4,Bh4h5][%mdl 32]} e5 7. d5 a5 8. g4 Na6 9. Be3 Nd7 {E90: King's Indian: Classical: Early deviations and 6 h3.} 10. Rg1 Ndc5 11. h4 c6 12. h5 Bd7 13. Nd2 a4 14. a3 cxd5 {[#]} 15. Nxd5 $146 ({Predecessor:} 15. cxd5 b5 16. g5 Rc8 17. Be2 b4 18. axb4 Nxb4 19. Nc4 Nb3 20. Ra3 Nd4 21. Bxd4 exd4 22. Nxa4 {0-1 (45) Harika,D (2496)-Bologan,V (2608) Caleta 2015}) 15... Nc7 {[%cal Ba6c7,Bc7e6,Be6d4][%mdl 32]} 16. Nc3 (16. Nb6 $11) 16... N7e6 $1 $15 17. g5 Nd4 18. Rb1 Re8 (18... f5 $17 {Threatens to win with ...fxe4.} 19. gxf6 Rxf6) 19. Rg3 Bc6 20. Qg4 Nce6 {[%cal Oe6f4]} 21. Nd5 $1 {Inhibits Nf4.} Bxd5 22. cxd5 Nc5 23. Be2 Qc8 24. Kf1 Qxg4 25. Bxg4 b5 26. Kg2 Rab8 27. hxg6 hxg6 28. Rh3 Nd3 29. Rhh1 Re7 30. Rhd1 Rc7 (30... Nc5 {might be stronger.}) 31. Nf3 $11 Nc5 {[%cal Bd3c5,Bc5d3,Bd3c1][%mdl 32]} 32. Nxd4 exd4 33. Rxd4 Bxd4 $2 (33... Rbb7 $11 {and Black has nothing to worry.}) 34. Bxd4 $18 Nd3 35. Be2 $2 {A strong pair of Bishops.} (35. Bf6 $1 $18 {Rh1 would kill now.} Rc2 36. Bf3 Rxf2+ 37. Kg3 Rxf3+ 38. Kxf3 Ne5+ 39. Kf4 (39. Bxe5 dxe5 40. Rc1 Kf8 $14) 39... Nd3+ 40. Ke3) 35... Nc1 36. Bf3 (36. Bd1 $11) 36... b4 $1 $36 {[%mdl 2048] Black is pushing.} 37. e5 (37. axb4 $15 Rxb4 38. Bf6) 37... Rc4 (37... bxa3 $1 $17 38. exd6 Rc4) 38. exd6 ({White should play} 38. Ba7 $15 Rd8 39. Bb6) 38... Rxd4 (38... bxa3 $142 39. d7 a2) 39. Rxc1 {[%mdl 4096] Endgame KRR-KRB} Rd8 40. Rc6 Rd2 41. Ra6 b3 42. Rxa4 Rxd6 {Strongly threatening ...Rb6.} 43. Rb4 {Prevents Rb6.} Rxb2 44. a4 $1 Kf8 45. Kg3 Ke7 46. Rb7+ (46. Be4 $1 $15) 46... Rd7 $17 47. Rb6 Ra2 $1 48. Rxb3 Rxa4 49. Rb6 Rd4 50. Rb3 Ra7 51. Re3+ Kd6 52. Be4 Rd1 (52... Re7 $19 53. f3 Re5) 53. Kf4 Ra4 54. Kg3 Rg1+ 55. Bg2 Rd4 56. Rf3 Ke7 ({Weaker is} 56... Kxd5 57. Rxf7+ Ke5 58. Rf6 $11 (58. f4+ Ke6 $17)) 57. Re3+ Kf8 58. Kh2 Ra1 59. Kg3 Rd2 60. Rf3 Re1 {aiming for ...Re5.} 61. Rf6 Re5 62. Kf4 Re1 63. Kg3 $1 Kg7 64. Rf4 Re5 65. Rg4 Rd3+ 66. Kh2 Kf8 (66... Rf5 $19 67. f4 Rd4) 67. Bh1 $2 (67. Be4 $17 {only move.} Rd1 68. f3) 67... Rd2 68. Kg3 Rd3+ (68... Rf5 $142 69. f4 Rd4) 69. Kh2 $1 $19 Ke7 ({Better is} 69... f5 $19 70. Rg3 Rd2) 70. Bg2 (70. Be4 $17 Ra3 71. f3) 70... Kd6 (70... Rf5 $19 71. f4 Rd4) 71. Bh1 (71. Be4 $17 Rd1 72. Kh3) 71... Rf5 72. f4 Rd4 {Inhibits Be4.} 73. Kg3 Kc5 74. Bf3 Kc4 75. Rh4 Kc3 76. Bg2 Kd2 ({Worse is} 76... f6 77. gxf6 Rxf6 78. Rg4 $15) 77. Bf3 Ke3 78. Rh1 $2 (78. Rh2 {was necessary.}) 78... Rfxf4 (78... Rdxf4 $142 79. Re1+ Kd4) 79. Re1+ {[#]} Kd2 $1 80. Re5 $2 (80. Re2+ Kc3 81. Re5) 80... Rf5 81. Rxf5 (81. Re2+ $142 Kc3 82. Ra2) 81... gxf5 {KR-KB} 82. Kf2 {[#]} Kd3 $1 83. Bh5 Rxd5 $2 (83... Ke4 $19 84. Ke2 Rxd5 85. Bxf7 Rd7) 84. Bxf7 $11 {The position is equal.} Rd4 85. Kf3 $1 {Prevents Rf4+.} Rg4 {Hoping for ...Kd4.} 86. Be6 $1 Rxg5 87. Kf4 {[%csl LRf5,LRg5]} Rh5 88. Bxf5+ Rxf5+ 89. Kxf5 {Never resign too early!  Weighted Error Value: White=0.22 (precise) /Black=0.18 (very precise)} 1/2-1/2

[Event "Charity Cup MCCT Prel 2022"]
[Site "Online"]
[Date "2022.03.15"]
[Round "13.6"]
[White "Ju, Wenjun"]
[Black "Ding, Liren"]
[Result "1/2-1/2"]
[WhiteElo "2560"]
[BlackElo "2799"]
[Annotator "TA"]
[PlyCount "97"]
[EventDate "2022.03.18"]
[EventType "tourn"]
[EventCountry "NET"]
[SourceTitle "playchess.com"]
[Source "ChessBase"]
[SourceQuality "1"]

{[%evp 18,97,6,11,24,16,24,12,13,18,10,11,19,12,22,0,0,0,0,0,16,0,0,0,0,-26,-27,-20,-21,-56,-37,-54,-64,-100,-95,-117,-106,-96,-39,-26,-38,-31,-5,-5,-7,-8,-6,-6,-6,-11,0,0,0,0,19,0,0,0,0,0,0,0,0,0,0,0,0,0,0,0,0,0,0,0,0,0,0,0,0,0,0,0]} 1. d4 d5 2. c4 e6 3. Nf3 Nf6 4. g3 Bb4+ 5. Bd2 Be7 6. Bg2 O-O 7. O-O c6 8. Qc2 Nbd7 9. Rd1 b6 10. Bf4 Ba6 {E08: Closed Catalan: Main Line: 7 Qc2.} 11. cxd5 (11. Ne5 {is more complex.} Qc8 12. cxd5 cxd5 13. Nc3 Nh5 14. Be3) 11... Nxd5 12. Nc3 Nxf4 13. gxf4 Qc7 14. e3 Bb7 15. Rac1 {[%cal Od4d5] White wants to play d5!} Rac8 {[#]} 16. Qe2 $5 $146 {[%cal Od4d5][%mdl 8] New and interesting.} ({Predecessor:} 16. a3 c5 17. d5 exd5 18. Nxd5 Bxd5 19. Rxd5 Nf6 20. Rdd1 b5 21. a4 a6 22. axb5 axb5 {½-½ (97) Giri,A (2777)-So,W (2778) chess24.com INT 2021}) 16... Qb8 17. Ne5 Rfd8 18. Qg4 g6 19. Bf3 c5 20. Nxd7 Rxd7 21. dxc5 (21. d5 $5 {[%cal Rd5e6]}) 21... Rxd1+ 22. Rxd1 Rxc5 23. Bxb7 Qxb7 24. Qg2 Qc8 25. Qe4 Bf6 26. Qa4 Bxc3 27. bxc3 $17 {[%mdl 4096] Endgame KQR-KQR} e5 ({Black should try} 27... Ra5 $17 28. Qb3 Qc6) 28. fxe5 $15 Rxe5 29. Qh4 {[#] Prevents Rg5+. Rd8+ is the strong threat.} Re8 {Prevents Rd8.} (29... Qxc3 $2 30. Qf6 Rd5 31. Qxc3 $18) 30. c4 {The position is equal.} Qf5 31. Rd8 Rxd8 32. Qxd8+ $11 {KQ-KQ} Kg7 {[#] Threatens to win with ...Qg4+.} 33. Qd4+ Qf6 34. Kg2 Qxd4 35. exd4 {KP-KP} Kf6 36. Kf3 Kf5 37. a4 g5 38. Ke3 h5 39. d5 {Hoping for Kd4.} Ke5 40. f4+ gxf4+ 41. Kf3 h4 42. h3 Kf5 43. Kf2 Ke5 44. Ke2 Kf5 45. Kf3 Ke5 46. Kf2 Kf5 47. Kf3 Ke5 48. Kf2 Kf5 49. Kf3 {Weighted Error Value: White=0.08 (flawless) /Black=0.05 (flawless)} 1/2-1/2

[Event "Charity Cup MCCT Prel 2022"]
[Site "Online"]
[Date "2022.03.15"]
[Round "13.7"]
[White "Vidit, Santosh Gujrathi"]
[Black "Hansen, Eric"]
[Result "0-1"]
[WhiteElo "2727"]
[BlackElo "2606"]
[Annotator "TA"]
[PlyCount "66"]
[EventDate "2022.03.18"]
[EventType "tourn"]
[EventCountry "NET"]
[SourceTitle "playchess.com"]
[Source "ChessBase"]
[SourceQuality "1"]

{[%evp 14,66,16,25,17,18,25,25,13,10,11,7,35,21,26,27,20,19,6,0,0,-13,-11,-17,0,-8,0,0,0,0,0,-16,-11,-67,-57,-60,-54,-64,-38,-123,-100,-161,-182,-250,-250,-293,-270,-316,-317,-859,-397,-2593,-2250,-2113,-2004]} 1. d4 Nf6 2. c4 e6 3. Nc3 Bb4 4. f3 c5 5. d5 exd5 6. cxd5 d6 7. e4 O-O 8. Nge2 Re8 $1 {E20: Nimzo-Indian: 4 g3 and 4 f3.} 9. Ng3 Nbd7 10. Be2 Ne5 {White has an edge.} 11. O-O a6 12. Be3 Ng6 13. a3 Ba5 14. Rb1 {[#]} b5 $146 ({Predecessor:} 14... Bd7 15. Qd2 Rc8 16. Rfc1 b5 17. b3 h6 18. Qb2 Bb6 19. Kh1 Rb8 20. a4 bxa4 21. bxa4 {½-½ (60) De Carlos Arregui,I (2376)-Boeken,M (2398) ICCF email 2008}) 15. b4 Bb6 {...cxb4 is the strong threat.} 16. Qd2 h5 17. Nh1 Bd7 18. Nf2 Rc8 19. Kh1 Qc7 20. Rbc1 Qa7 21. Nfd1 Rc7 22. Bf2 h4 23. bxc5 (23. Ra1 $11) 23... Bxc5 $15 24. Bxc5 Rxc5 ({Don't play} 24... Qxc5 25. Na2 Qb6 26. Rxc7 Qxc7 27. Nb4 $11) 25. Na2 Rec8 {Black is more active.} 26. Ndc3 (26. Qe3 $15) 26... Qc7 $1 $17 27. Rc2 (27. Rfd1 $17 {is a better defense.}) 27... Qa5 $19 28. Qc1 (28. Nb1 {was worth a try.} Qxd2 29. Rxd2) 28... Nh5 $1 29. Rd1 Ngf4 30. Bf1 {[#]} Qd8 $1 31. Nb4 $2 {[#]} (31. Rd4 Qg5 32. Kg1) 31... Qf6 (31... Rxc3 $142 $1 {[%mdl 512]} 32. Qd2 Rxa3 33. Rxc8 Qxc8) 32. Nb1 $2 (32. Nba2 Ng3+ 33. Kg1 (33. hxg3 $2 hxg3 34. Qxf4 Qxf4 $19)) 32... Rxc2 33. Nxc2 {[#]} Ng3+ $1 {[%mdl 512] Weighted Error Value: White=0.56/Black=0.34} 0-1